Superhero Aliases Quiz Stats

 Plays Quiz not verified by Sporcle

Score 0/30 Timer 06:00
0 Plays Today
Aliases Superhero % Correct
Iron Knight, Armored Avenger, Iron AvengerIron Man
98.2%
Annihilator, Green Goliath, Mr. GreenThe Incredible Hulk
93%
God Of Thunder, Longbeards Son, The Thunderer, Storm GodThor
93%
The First Avenger, Nomad, Sentinel Of LibertyCaptain America
93%
Webhead, Web-Slinger, Wall-CrawlerSpider-Man
93%
Ronin, Golden Archer, Father TimeHawkeye
91.2%
Weapon X, Patch, LoganWolverine
89.5%
Man Of Steel, God Of Strength, The Last Son Of KryptonSuperman
89.5%
Dark Knight, Caped Crusader, World's Greatest DetectiveBatman
87.7%
Lord Of The Seven Seas, Emperor Of The Deep, Avenging SonNamor The Sub-Mariner
84.2%
Princess Diana, Miss America, Goddess Of TruthWonder Woman
84.2%
Man Without Fear, Hornhead, Kingpin Of Hell's KitchenDaredevil
82.5%
Power Man, Hero For Hire, Ace Of SpadesLuke Cage
75.4%
Ring Slinger, The Spectre, God Of LightGreen Lantern
66.7%
John Jones, Mister Biscuits, The PearlMartian Manhunter
59.6%
Aliases Superhero % Correct
Ulthoon, Tornado Champion, Unit 1.3Red Tornado
57.9%
Birdwatcher, Agent 37, Son Of GothamNightwing
57.9%
Sky-Rider Of The Spaceways, Sentinel Of The Spaceways, Chrome DomeSilver Surfer
54.4%
Silent Knight, The Birdman, Dragon Of BarbatosHawkman
54.4%
Agile Avenger, Blue, Golden Armed BoyBeast
52.6%
Black Gold, Supernova, GoldstarBooster Gold
52.6%
Crescent Crusader, Sheet Face, Crescent WrenchMoon Knight
49.1%
Molder, Big Shot, Strechable SleuthElongated Man
43.9%
Dearly Departed Detective, Wandering Spirit, Boston BrandDeadman
42.1%
Bug-Butt, Bug Boy, HombreBlue Beetle
40.4%
Wingman, Red Him, The OutlawRed Hood
36.8%
The Nuclear Man, Matchstick, FlamebrainFirestorm
33.3%
Agent 19, Huntress, Shooting StarMockingbird
26.3%
Marvel Boy, Star Knight, Protector Of The UniverseQuasar
26.3%
Astral Avenger, Aztar, Ghostly GuardianSpectre
24.6%

You're not logged in!

Compare scores with friends on all Sporcle quizzes.
OR
Log In

Show Comments

Extras

Top Quizzes Today


Score Distribution

Your Account Isn't Verified!

In order to create a playlist on Sporcle, you need to verify the email address you used during registration. Go to your Sporcle Settings to finish the process.

Report this User

Report this user for behavior that violates our Community Guidelines.

Details: